Statistics for Countries with More Olympic Gold Medals than their neighbours

Click here to take the quiz!

General Stats

  • This quiz has been taken 74 times
  • The average score is 14 of 20

Answer Stats

G S B MedalsANSWER% Correct
710 586 572 Russia
100%
547 567 567 Germany
98%
246 276 284 United Kingdom
98%
1072 859 750 United States
97%
235 200 228 Italy
88%
23 26 27 South Africa
83%
193 204 230 Sweden
83%
107 99 90 South Korea
80%
6 10 11 Indonesia
75%
25 32 29 Kenya
73%
7 9 10 Egypt
70%
3 2 1 Dominican Republic
66%
167 146 169 Hungary
64%
3 8 12 Nigeria
64%
7 6 11 Thailand
61%
0 1 3 Ghana
50%
1 1 2 Costa Rica
48%
0 1 0 Senegal
42%
1 0 0 United Arab Emirates
39%
1 0 0 Burundi
9%

Score Distribution

Percentile by Number Answered

Percent of People with Each Score

Your Score History

You have not taken this quiz